000 00694nam a2200289Ia 4500
005 20260324134430.0
008 008 260324s9999 xx 000 0 eng d
020 _a9781315131757
037 _aEBOOK
040 _aCRL
040 _beng
040 _cCRL
041 _2eng
041 _aeng
084 _qCRL
100 _aDavid J. Rothman
_91188836
245 4 _aThe Discovery of the Asylum
245 0 _bSocial Order and Disorder in the New Republic
260 _bTaylor and Francis
260 _c2002
365 _a
365 _b230
856 _uhttp://www.taylorfrancis.com/books/9781315131757
942 _cEBOOK
999 _c1796890
_d1796890